| 000 | 00715nam a2200241Ia 4500 | ||
|---|---|---|---|
| 005 | 20250425162843.0 | ||
| 008 | 250425s9999 xx 000 0 und d | ||
| 020 | _a9781118092392 | ||
| 082 |
_a660.28 _pFEL |
||
| 100 | _aFelder, Richard M. | ||
| 245 | 0 |
_aFelder's elementary principles of chemical processes _cRichard M. Felder, Ronald W. Rousseau, Lisa G. Bullard |
|
| 250 | _aFourth edition | ||
| 260 |
_aSingapore _bWiley _c2017 |
||
| 300 |
_a507 páginas _c25 cm. |
||
| 504 | _aIncludes index | ||
| 650 | _aChemical processes | ||
| 650 | _aProcesos químicos | ||
| 700 | _aBullard, Lisa G. | ||
| 700 | _aRousseau, Ronald W. | ||
| 902 |
_aMonográfico _cImpreso |
||
| 942 | _c01 | ||
| 010 | _a113756 | ||
| 999 |
_c237774 _d237774 |
||